Statistics for The 48 laws of Power

Click here to take the quiz!

General Stats

  • This quiz has been taken 37 times
  • The average score is 11 of 48

Answer Stats

HintAnswer% Correct
Law #1Never outshine the master
92%
Law #2Never put too much trust in friends, learn how to use enemies
46%
Law #4Always say less than necessary
38%
Law #48Assume formlessness
38%
Law #6Court attention at all cost
38%
Law #25Re-create yourself
38%
Law #5So much depends on reputation - guard it with your life
38%
Law #23Concentrate your forces
31%
Law #37Create compelling spectacles
31%
Law #40Despise the free lunch
31%
Law #20Do not commit to anyone
31%
Law #28Enter the action with boldness
31%
Law #7Get others to do the work for you, but always take the credit
31%
Law #29Plan all the way to the end
31%
Law #24Play the perfect courtier
31%
Law #16Use absence to increase respect and honor
31%
Law #9Win through your actions, never through argument
31%
Law #15Crush your enemy totally
23%
Law #33Discover each man's thumbscrew
23%
Law #18Do not build fortresses to protect yourself - isolation is dangerous
23%
Law #10Infection: avoid the unhappy and unlucky
23%
Law #26Keep your hands clean
23%
Law #35Master the art of timing
23%
Law #32Play to people's fantasies
23%
Law #14Pose as a friend, work as a spy
23%
Law #41Avoid stepping into great man's shoes
15%
Law #34Be royal in your own fashion: act like a king to be treated like one
15%
Law #3Conceal your intensions
15%
Law #8Make other people come to you - use bait if necessary
15%
Law #46Never appear too perfect
15%
Law #21Play a sucker to catch a sucker - seem dumber than you mark
15%
Law #27Play on people's need to create a cultlike following
15%
Law #45Preach the need for change but never reform too much at once
15%
Law #38Think as you like but behave like others
15%
Law #12Use selective honesty and generosity to disarm your victim
15%
Law #22Use surrender tactic: transform weakness into power
15%
Law #31Control the options: get others play with the cards you deal
8%
Law #44Disarm and intimidate with the mirror effect
8%
Law #36Disdain the things you cannot have: ignoring them is the best revenge
8%
Law #47Don't go past the mark you were aiming for; in the victory, learn when to stop
8%
Law #17Keep others in suspended terror: cultivate air of unpredictability
8%
Law #19Know who you are dealing with - do not offend the wrong person
8%
Law #11Learn to keep people dependent on you
8%
Law #30Make your accomplishments seem effortless
8%
Law #39Stir up waters to catch a fish
8%
Law #42Strike the shepherd and sheep will scatter
8%
Law #13When asking for help, appeal to people's self interest, never to their mercy or gratitude
8%
Law #43Work on the hearts and minds of others
8%

Score Distribution

Percentile by Number Answered

Percent of People with Each Score

Your Score History

You have not taken this quiz